000 00388 a2200157 4500
003 NUST
005 20230310165254.0
040 _cNust
082 _a891.4391,AAM
100 _aAamir, Zahid Munir
_9110158
245 _aLamho ka karz /
_c Zahid Munir Aamir
260 _aIslam Pura
_bDanish Kada
_c1989
300 _a96 p.;
650 _aUrdu Literature
942 _2ddc
_cBK
_k891.4391,AAM
999 _c188102
_d188102